The god of small things / (Record no. 10055)
[ view plain ]
| 000 -LEADER | |
|---|---|
| fixed length control field | 00706nam a2200265 a 4500 |
| 001 - CONTROL NUMBER | |
| JCCL Control Number | 10055 |
| 003 - CONTROL NUMBER IDENTIFIER | |
| JCCL marc code | BD - JhCC |
| 005 - DATE AND TIME OF LATEST TRANSACTION | |
| control field | 20230205134024.0 |
| 008 - FIXED-LENGTH DATA ELEMENTS--GENERAL INFORMATION | |
| fixed length control field | 180404r19981997enk 000 1 eng d |
| 020 ## - INTERNATIONAL STANDARD BOOK NUMBER | |
| International Standard Book Number | 0006550681 |
| 035 ## - SYSTEM CONTROL NUMBER | |
| system control number | BNB2479.338 |
| -- | (BD - JhCC)10055 |
| 035 ## - SYSTEM CONTROL NUMBER | |
| system control number | (OCoLC)318941727 |
| 040 ## - CATALOGING SOURCE | |
| Original cataloging agency | BDS |
| Modifying agency | BD-JhCC |
| 041 ## - LANGUAGE CODE | |
| Language code of Book | eng |
| 050 10 - LIBRARY OF CONGRESS CALL NUMBER | |
| Classification number | PR9499.3.R59 |
| Item number | G63 1998 |
| 082 0# - DEWEY DECIMAL CLASSIFICATION NUMBER | |
| Classification number | 823 |
| DDC Edition number | 21 |
| Author mark and Year | ROY 1997 |
| 100 1# - MAIN ENTRY--PERSONAL NAME | |
| Personal name | Roy, Arundhati. |
| 245 14 - TITLE STATEMENT | |
| Title | The god of small things / |
| Statement of responsibility, etc | Arundhati Roy. |
| 260 ## - PUBLICATION, DISTRIBUTION, ETC. (IMPRINT) | |
| Place of publication, distribution, etc | London : |
| Name of publisher, distributor, etc | Flamingo, |
| Date of publication, distribution, etc | 1998. |
| 300 ## - PHYSICAL DESCRIPTION | |
| Pagination | 339 p. ; |
| Dimensions | 20 cm. |
| 500 ## - GENERAL NOTE | |
| General note | Originally published: 1997. |
| 651 #0 - SUBJECT ADDED ENTRY--GEOGRAPHIC NAME | |
| Geographic name | Kerala (India) |
| Form subdivision | Fiction. |
| 942 ## - ADDED ENTRY ELEMENTS (KOHA) | |
| Source of classification or shelving scheme | Dewey Decimal Classification |
| Koha item type | Reference |
| Koha issues (borrowed), all copies | 4 |
| Source of classification or shelving scheme | Damaged status | Not for loan | Home library | Current library | Shelving location | Date of accession | Total Checkouts | Full call number | Barcode | Date last seen | Date checked out | Copy number | Koha item type | Method of acquisition | Currency |
|---|---|---|---|---|---|---|---|---|---|---|---|---|---|---|---|
| Dewey Decimal Classification | JCC Rouf Library | JCC Rouf Library | General Stacks | 04/04/2018 | 9 | 823 ROY 1997 | 13377 | 07/29/2025 | 05/22/2025 | C-1 | Books | ||||
| Dewey Decimal Classification | JCC Rouf Library | JCC Rouf Library | General Stacks | 05/06/2023 | 7 | 823 ROY 1997 | 17607 | 02/02/2025 | 01/26/2025 | C-2 | Books | Gift/Donation | BDT |